000
00333nam a2200133 a 4500
005
20140414131903.0
008
100610s19uu xx 00 eng d
050
_a
FIC
_b
K62 2008
100
_a
Kinney, Jeff
245
_a
Rodrick rules.
260
_a
New York :
_b
Amulet,
_c
2008.
440
_a
Diary of a whimpy kid
999
_c
110790
_d
110790